[Event "25th International Tournament Nikaia"]
[Site "Nikaia"]
[Date "2017.08.26"]
[Round "1.1"]
[White "Nikolaidis, Ioannis"]
[Black "Katsiampas, Efthymios"]
[Result "1-0"]
[WhiteElo "2561"]
[BlackElo "1856"]
[PlyCount "47"]
[EventDate "2017.08.26"]

1. c4 c5 2. g3 g6 3. Bg2 Bg7 4. Nc3 Nc6 5. e3 e6 6. Nge2 Nge7 7. O-O O-O 8. d4
cxd4 9. Nxd4 Nxd4 10. exd4 d5 11. cxd5 Nxd5 12. Qb3 Qb6 13. Qxb6 Nxb6 14. Rd1
Rd8 15. Bf4 Nd5 16. Bg5 Rd6 17. Rac1 Bd7 18. Nxd5 exd5 19. Bf4 Rc6 20. Bxd5
Rxc1 21. Rxc1 Bxd4 22. Rd1 Bxb2 23. Bxb7 Ba4 24. Rb1 1-0

[Event "25th International Tournament Nikaia"]
[Site "Nikaia"]
[Date "2017.08.26"]
[Round "1.2"]
[White "Agriopoulos, Konstantinos"]
[Black "Kofidis, Andreas"]
[Result "0-1"]
[WhiteElo "1853"]
[BlackElo "2345"]
[PlyCount "120"]
[EventDate "2017.08.26"]

1. e4 c5 2. Nf3 d6 3. d4 cxd4 4. Nxd4 Nf6 5. Nc3 a6 6. f3 e6 7. Be3 Qc7 8. Qd2
Nc6 9. Be2 Ne5 10. g4 Nc4 11. Bxc4 Qxc4 12. Qe2 Qxe2+ 13. Kxe2 Nd7 14. f4 b5
15. a3 Bb7 16. Nb3 Rc8 17. g5 Be7 18. h4 O-O 19. Rhd1 Rxc3 20. bxc3 Bxe4 21.
Rd2 Rc8 22. a4 bxa4 23. Rxa4 Bc6 24. Ra2 Bb5+ 25. Kf2 h6 26. f5 Ne5 27. Bf4 Nc4
28. Re2 e5 29. Nd4 Bd7 30. Rxa6 hxg5 31. hxg5 Bf8 32. Ra7 Be8 33. Bc1 exd4 34.
cxd4 d5 35. Bf4 Nd6 36. Bxd6 Bxd6 37. f6 Bb5 38. Ra5 Bxe2 39. Rxd5 Bd1 40. Rxd6
Bxc2 41. d5 gxf6 42. Rxf6 Bg6 43. Ke3 Rc4 44. Rb6 Kf8 45. d6 Ke8 46. Rb7 Kd8
47. Ra7 Rg4 48. Ra5 Kd7 49. Kf3 Rd4 50. Ke3 Rxd6 51. Kf4 Re6 52. Rb5 Re4+ 53.
Kf3 Rc4 54. Re5 Kd6 55. Ra5 Rc5 56. Ra6+ Ke5 57. Rf6 Rc3+ 58. Kg4 Rc4+ 59. Kg3
Bh5 60. Rh6 Bg6 0-1

[Event "25th International Tournament Nikaia"]
[Site "Nikaia"]
[Date "2017.08.26"]
[Round "1.3"]
[White "Stathopoulos, Ioannis"]
[Black "Kampitsis, Vasilios"]
[Result "1-0"]
[WhiteElo "2323"]
[BlackElo "1850"]
[PlyCount "41"]
[EventDate "2017.08.26"]

1. d4 Nf6 2. c4 e6 3. Nf3 d5 4. g3 Be7 5. Bg2 O-O 6. O-O c5 7. cxd5 exd5 8. Nc3
Nc6 9. Bg5 Be6 10. dxc5 Qa5 11. Rc1 d4 12. Nxd4 Nxd4 13. Qxd4 Bxc5 14. Qh4 Be7
15. Ne4 Nxe4 16. Bxe7 f5 17. Bxe4 fxe4 18. Bxf8 Rxf8 19. Qxe4 Bd5 20. Qe5 Qxa2
21. Rc7 1-0

[Event "25th International Tournament Nikaia"]
[Site "Nikaia"]
[Date "2017.08.26"]
[Round "1.4"]
[White "Kaloskambis, Mihail"]
[Black "Poulopoulos, Ioannis"]
[Result "0-1"]
[WhiteElo "1848"]
[BlackElo "2290"]
[PlyCount "100"]
[EventDate "2017.08.26"]

1. d4 Nf6 2. c4 e6 3. Nc3 Bb4 4. Qc2 O-O 5. a3 Bxc3+ 6. Qxc3 Ne4 7. Qc2 f5 8.
Nh3 d6 9. f3 Nf6 10. e3 e5 11. Bd3 e4 12. Be2 exf3 13. Bxf3 c6 14. O-O Qe7 15.
Bd2 Nbd7 16. Rae1 Ne4 17. Bc1 Ndf6 18. Nf2 Bd7 19. b4 Rae8 20. Nd3 Ng5 21. Bd1
Nfe4 22. c5 d5 23. Bh5 Ra8 24. Ne5 Be8 25. Bf3 Nxf3+ 26. gxf3 Ng5 27. Kh1 Bh5
28. Qg2 Nf7 29. Bb2 Nxe5 30. dxe5 Qe6 31. Rg1 g6 32. Qh3 Kf7 33. Rg3 Ke7 34.
Qh4+ Kd7 35. Qg5 Kc7 36. Qf4 Rf7 37. Bc3 Rh8 38. Qh6 Rhf8 39. Qf4 Rh8 40. h4 h6
41. Rh3 g5 42. Qh2 g4 43. Rg3 gxf3 44. Kg1 Bg4 45. Kf2 h5 46. Rgg1 d4 47. Bd2
dxe3+ 48. Rxe3 Rd8 49. Be1 Qa2+ 50. Kg3 f4# 0-1

[Event "25th International Tournament Nikaia"]
[Site "Nikaia"]
[Date "2017.08.26"]
[Round "1.6"]
[White "Cukaj, Marin"]
[Black "Alexiadis, Hristos"]
[Result "0-1"]
[WhiteElo "1832"]
[BlackElo "2237"]
[PlyCount "69"]
[EventDate "2017.08.26"]

1. d4 Nf6 2. Nf3 e6 3. e3 b6 4. Bd3 Bb7 5. Qe2 Ne4 6. Nbd2 f5 7. O-O Be7 8. Ne5
O-O 9. f3 Nxd2 10. Bxd2 c5 11. f4 d6 12. Nf3 Be4 13. c4 Nc6 14. Bc3 Bf6 15.
Bxe4 fxe4 16. Nd2 cxd4 17. exd4 d5 18. Nb3 Rc8 19. c5 bxc5 20. dxc5 d4 21. Rad1
Qd5 22. Rfe1 Rfd8 23. Bd2 a5 24. Qxe4 a4 25. Na5 Qxe4 26. Rxe4 Re8 27. Nxc6
Rxc6 28. Rc1 Rb8 29. b4 axb3 30. axb3 Rxb3 31. Kf2 Kf7 32. Ke2 Rb5 33. g4 g6
34. h4 Rcxc5 35. Ra1 0-1

[Event "25th International Tournament Nikaia"]
[Site "Nikaia"]
[Date "2017.08.26"]
[Round "1.7"]
[White "Megalios, Konstantinos"]
[Black "Vakakis, Panteleimon"]
[Result "1-0"]
[WhiteElo "2233"]
[BlackElo "1822"]
[PlyCount "65"]
[EventDate "2017.08.26"]

1. d4 d5 2. c4 e6 3. Nf3 Nf6 4. g3 Be7 5. Bg2 O-O 6. O-O Nbd7 7. Qc2 c6 8. Nbd2
b6 9. e4 dxe4 10. Nxe4 Bb7 11. Rd1 Nxe4 12. Qxe4 Nf6 13. Qc2 Qc7 14. Bf4 Bd6
15. Bxd6 Qxd6 16. Ne5 Rac8 17. Rac1 Qb8 18. c5 Rfd8 19. Qa4 Nd5 20. cxb6 Nxb6
21. Qa5 Nd5 22. Rc5 f6 23. Nd3 Qc7 24. Bh3 f5 25. Bg2 Rf8 26. Re1 Qd6 27. Rcc1
Rf6 28. Qxa7 Rc7 29. Qc5 Qd8 30. Re5 Ba6 31. Bxd5 exd5 32. Nb4 Bb7 33. Nxd5 1-0

[Event "25th International Tournament Nikaia"]
[Site "Nikaia"]
[Date "2017.08.26"]
[Round "1.8"]
[White "Louka, Magdalini"]
[Black "Nikolaidis, Konstantinos"]
[Result "1/2-1/2"]
[WhiteElo "1814"]
[BlackElo "2227"]
[PlyCount "69"]
[EventDate "2017.08.26"]

1. e4 c6 2. d4 d5 3. Nc3 dxe4 4. Nxe4 Bf5 5. Ng3 Bg6 6. Nf3 Nd7 7. Bd3 e6 8.
O-O Ngf6 9. Re1 Be7 10. c4 Bxd3 11. Qxd3 O-O 12. b3 a5 13. a3 Re8 14. Bb2 Qb6
15. Rad1 Rad8 16. Qc2 Bf8 17. Ne5 Nxe5 18. dxe5 Nd7 19. Ne4 Nc5 20. Ng5 g6 21.
Ne4 Nxe4 22. Rxe4 Rxd1+ 23. Qxd1 Rd8 24. Qc2 Bc5 25. g3 Rd7 26. Kg2 Qd8 27. Re2
Qe7 28. Rd2 Rxd2 29. Qxd2 Bxa3 30. Bxa3 Qxa3 31. Qd8+ Kg7 32. Qf6+ Kg8 33. Qd8+
Kg7 34. Qf6+ Kg8 35. Qd8+ 1/2-1/2

[Event "25th International Tournament Nikaia"]
[Site "Nikaia"]
[Date "2017.08.26"]
[Round "1.9"]
[White "Papadopoulos, Nikolaos"]
[Black "Vazelakis, Dimitrios"]
[Result "1-0"]
[WhiteElo "2226"]
[BlackElo "1810"]
[PlyCount "73"]
[EventDate "2017.08.26"]

1. e4 c6 2. d4 d5 3. e5 c5 4. dxc5 Nc6 5. Nf3 e6 6. Be3 Qc7 7. c3 Bd7 8. Bd4
Nge7 9. Bb5 Ng6 10. Bxc6 Qxc6 11. b4 Qa6 12. Qd2 Be7 13. a4 O-O 14. c4 dxc4 15.
b5 Bxb5 16. axb5 Qxb5 17. O-O Rfd8 18. Qe3 Qd7 19. Nbd2 Qd5 20. Rfc1 Nh4 21.
Rxc4 Nxf3+ 22. Qxf3 Bg5 23. Qxd5 Rxd5 24. Nf3 Be7 25. g3 f6 26. c6 b5 27. Rcc1
fxe5 28. Rxa7 Rc8 29. Bxe5 Bf6 30. Bxf6 gxf6 31. c7 Kf7 32. Rb7 Ke7 33. Rb1 Kd7
34. R1xb5 Rxb5 35. Rxb5 Rxc7 36. Rb6 h6 37. Kg2 1-0

[Event "25th International Tournament Nikaia"]
[Site "Nikaia"]
[Date "2017.08.26"]
[Round "1.10"]
[White "Panagos, Theodoros"]
[Black "Karagiannis, Athanasios"]
[Result "0-1"]
[WhiteElo "1807"]
[BlackElo "2220"]
[PlyCount "76"]
[EventDate "2017.08.26"]

1. Nf3 d5 2. c4 d4 3. g3 Nc6 4. Bg2 e5 5. d3 Bb4+ 6. Nbd2 a5 7. O-O Nf6 8. a3
Be7 9. b3 O-O 10. Rb1 Re8 11. Ne1 Bf8 12. Nc2 Bf5 13. b4 axb4 14. axb4 Qd7 15.
Re1 Ra2 16. b5 Nd8 17. Nb4 Bxb4 18. Rxb4 e4 19. Qb3 Ra8 20. dxe4 Nxe4 21. Nxe4
Bxe4 22. Bxe4 Rxe4 23. Qd3 f5 24. f3 Re8 25. c5 Ne6 26. Qxf5 g6 27. Qe5 Ra1 28.
Kf2 Ra2 29. Rb2 Ra4 30. Bh6 Rc4 31. c6 bxc6 32. bxc6 Rxc6 33. Rd2 Rc5 34. Qe4
Rh5 35. Bf4 Rxh2+ 36. Kg1 Nxf4 37. Qxe8+ Qxe8 38. Kxh2 Qe3 0-1

[Event "25th International Tournament Nikaia"]
[Site "Nikaia"]
[Date "2017.08.26"]
[Round "1.11"]
[White "Bousios, Hristos"]
[Black "Malataras, Gerasimos"]
[Result "1-0"]
[WhiteElo "2219"]
[BlackElo "1803"]
[PlyCount "69"]
[EventDate "2017.08.26"]

1. d4 Nf6 2. c4 c5 3. d5 e6 4. Nc3 exd5 5. cxd5 d6 6. e4 g6 7. Bd3 Bg7 8. h3
O-O 9. Nf3 Nh5 10. O-O a6 11. a4 Nd7 12. Bd2 Ne5 13. Be2 Nxf3+ 14. Bxf3 Qh4 15.
Qc1 Bf6 16. Rb1 g5 17. e5 Bd8 18. Ne4 Bf5 19. Nxd6 Bxb1 20. Qxb1 Ng7 21. Bg4
Qh6 22. b4 f6 23. bxc5 fxe5 24. Qxb7 Bf6 25. Nc8 Raxc8 26. Bxc8 Qg6 27. Qxa6
Qc2 28. Be3 Nh5 29. Be6+ Kh8 30. Qd6 Rd8 31. Bd7 Kg7 32. Bxg5 Bxg5 33. Qxe5+
Bf6 34. Qxh5 Qxc5 35. Bf5 1-0

[Event "25th International Tournament Nikaia"]
[Site "Nikaia"]
[Date "2017.08.26"]
[Round "1.12"]
[White "Tsivelekidou, Evgenia"]
[Black "Gazis, Efstathios"]
[Result "1-0"]
[WhiteElo "1789"]
[BlackElo "2212"]
[PlyCount "83"]
[EventDate "2017.08.26"]

1. d4 Nf6 2. Nf3 e6 3. g3 c5 4. c4 cxd4 5. Nxd4 a6 6. Bg2 Qc7 7. Nd2 Be7 8. O-O
O-O 9. b3 d5 10. cxd5 Qc3 11. Nc2 exd5 12. Nb1 Qa5 13. Bb2 Nc6 14. Nc3 Rd8 15.
Nd4 Bg4 16. Rc1 Rac8 17. h3 Bh5 18. Qd2 Bf8 19. Nxc6 bxc6 20. Rfd1 Qb4 21. Na4
Qe7 22. g4 Bg6 23. Nb6 Rc7 24. Qf4 Rb7 25. Rxc6 Qxe2 26. Rd2 Qe1+ 27. Bf1 Ne4
28. Rxd5 Rxb6 29. Rxd8 Rxc6 30. Ba3 h6 31. Bxf8 Kh7 32. Qe3 Qa5 33. Qd4 Nf6 34.
Qd2 Qc7 35. Bc4 Ne4 36. Qd5 Rf6 37. Qa8 Qf4 38. Bc5 Bf5 39. Rh8+ Kg6 40. gxf5+
Rxf5 41. Be3 Qf3 42. Bxf7+ 1-0

[Event "25th International Tournament Nikaia"]
[Site "Nikaia"]
[Date "2017.08.26"]
[Round "1.13"]
[White "Skaperdas, Kostantinos"]
[Black "Banos, Polyhronis"]
[Result "1-0"]
[WhiteElo "2200"]
[BlackElo "1789"]
[PlyCount "114"]
[EventDate "2017.08.26"]

1. e4 e5 2. Nf3 Nc6 3. Bb5 a6 4. Ba4 d6 5. c3 Nf6 6. O-O Be7 7. Re1 O-O 8. h3
b5 9. Bb3 Na5 10. Bc2 c5 11. d4 Qc7 12. d5 Nc4 13. a4 Bd7 14. b3 Na5 15. axb5
axb5 16. Bb2 c4 17. b4 Nb7 18. Na3 Ra6 19. Kh2 Rfa8 20. Rg1 Qb6 21. Qe2 g6 22.
g4 Bf8 23. Bb1 Bg7 24. Nc2 Rxa1 25. Bxa1 Ne8 26. Bb2 f6 27. Bc1 Nd8 28. Be3 Qb8
29. Qd2 Nf7 30. Nce1 Ra1 31. Nc2 Ra6 32. Qc1 Qc8 33. Nh4 Qd8 34. Nf3 Qc8 35.
Nce1 Ra1 36. Qb2 Qa8 37. Bb6 Qa3 38. Qc2 Bh6 39. Ng2 Qa6 40. Ba5 Bf4+ 41. Nxf4
exf4 42. Qb2 Qa7 43. Nd4 Rxa5 44. bxa5 Ne5 45. Kg2 Qxa5 46. Bc2 Qb6 47. Ra1 f5
48. exf5 Qd8 49. Qc1 Qg5 50. Nf3 Nxf3 51. Kxf3 Nf6 52. Ra8+ Kf7 53. Ra7 Ke8 54.
Qxf4 Qxf4+ 55. Kxf4 Nxd5+ 56. Kg3 gxf5 57. Bxf5 Nxc3 1-0

[Event "25th International Tournament Nikaia"]
[Site "Nikaia"]
[Date "2017.08.26"]
[Round "1.14"]
[White "Tzounakas, Vasilios"]
[Black "Nikolaou, Spiridon"]
[Result "0-1"]
[WhiteElo "1783"]
[BlackElo "2196"]
[PlyCount "55"]
[EventDate "2017.08.26"]

1. e4 c5 2. Nf3 Nc6 3. d4 cxd4 4. Nxd4 e6 5. Nc3 Qc7 6. Be3 a6 7. Be2 Nf6 8. f4
d6 9. Bf3 Na5 10. O-O Be7 11. g4 Nd7 12. Qe2 Nc4 13. f5 Nde5 14. Nd1 Nxe3 15.
Nxe3 Bd7 16. c4 Bg5 17. b3 O-O 18. Kg2 b5 19. cxb5 axb5 20. a4 Qc3 21. Nec2
bxa4 22. bxa4 Rxa4 23. Rxa4 Bxa4 24. fxe6 Bxc2 25. Nxc2 fxe6 26. Ne1 Bh4 27.
Qa2 g6 28. g5 $19 {[%eval -620,16]} 0-1

[Event "25th International Tournament Nikaia"]
[Site "Nikaia"]
[Date "2017.08.26"]
[Round "1.15"]
[White "Loutragotis, Dimitrios"]
[Black "Georgantas, Antonios"]
[Result "1-0"]
[WhiteElo "2194"]
[BlackElo "1776"]
[PlyCount "53"]
[EventDate "2017.08.26"]

1. e4 c5 2. Nf3 a6 3. Nc3 Nc6 4. d4 cxd4 5. Nxd4 e5 6. Nxc6 bxc6 7. Bc4 Nf6 8.
O-O Be7 9. f4 Qb6+ 10. Kh1 d6 11. fxe5 dxe5 12. Bg5 Bg4 13. Qe1 Bh5 14. Qg3 Qc7
15. Rf5 Bg6 16. Qxe5 Qxe5 17. Rxe5 Kf8 18. Rxe7 Kxe7 19. e5 Bxc2 20. exf6+ Kf8
21. fxg7+ Kxg7 22. Rf1 Rhb8 23. Rxf7+ Kg6 24. h4 Rxb2 25. Rf6+ Kg7 26. h5 h6
27. Rf7+ 1-0

[Event "25th International Tournament Nikaia"]
[Site "Nikaia"]
[Date "2017.08.26"]
[Round "1.17"]
[White "Grigoriadis, Alexandros"]
[Black "Panoutsopoulos, Pavlos"]
[Result "1-0"]
[WhiteElo "2189"]
[BlackElo "1757"]
[PlyCount "69"]
[EventDate "2017.08.26"]

1. c4 Nf6 2. Nc3 g6 3. e4 c5 4. Nf3 Nc6 5. d4 cxd4 6. Nxd4 d6 7. Be2 Bg7 8. Nb3
O-O 9. Be3 Bd7 10. f3 Ne5 11. Rc1 Bc6 12. O-O Re8 13. Qd2 Ned7 14. Nd4 a5 15.
Rfd1 Nc5 16. b3 Nfd7 17. Bf1 Nf8 18. Nd5 Bxd5 19. cxd5 Nfd7 20. Bb5 Qb8 21. Rc2
Rc8 22. Rdc1 Qc7 23. a3 Qd8 24. b4 Bxd4 25. Qxd4 axb4 26. axb4 Na6 27. h3 Rxc2
28. Rxc2 Rc8 29. Rc3 Rc7 30. Bxa6 Rxc3 31. Qxc3 bxa6 32. Qc6 Ne5 33. Qxa6 Qc7
34. Qa1 Nc4 35. Qd4 1-0

[Event "25th International Tournament Nikaia"]
[Site "Nikaia"]
[Date "2017.08.26"]
[Round "1.18"]
[White "Pramateftaki, Loukia"]
[Black "Sirigos, Nikolaos"]
[Result "1/2-1/2"]
[WhiteElo "1751"]
[BlackElo "2181"]
[PlyCount "58"]
[EventDate "2017.08.26"]

1. e4 e6 2. d4 d5 3. Bd3 Nf6 4. Nd2 c5 5. c3 Nc6 6. Ngf3 cxd4 7. cxd4 Nb4 8.
Bb1 dxe4 9. Nxe4 Nxe4 10. Bxe4 Be7 11. O-O O-O 12. a3 Nd5 13. Qd3 Nf6 14. Bf4
Nxe4 15. Qxe4 f5 16. Qe3 Qd5 17. Rac1 Bd7 18. Rfe1 Rac8 19. Ne5 Ba4 20. Nd3
Rxc1 21. Rxc1 Bc6 22. f3 Rc8 23. Be5 Qb3 24. Rc3 Qd1+ 25. Kf2 Re8 26. Rc1 Qb3
27. Rc3 Qb6 28. Bf4 Bf6 29. Be5 Be7 1/2-1/2

[Event "25th International Tournament Nikaia"]
[Site "Nikaia"]
[Date "2017.08.26"]
[Round "1.19"]
[White "Georgiou, Kostantinos"]
[Black "Nikolaidis, Georgios"]
[Result "1-0"]
[WhiteElo "2162"]
[BlackElo "1747"]
[PlyCount "67"]
[EventDate "2017.08.26"]

1. e4 e5 2. Nf3 Nf6 3. Nxe5 d6 4. Nf3 Nxe4 5. Nc3 Nf6 6. d4 Be7 7. Bd3 Bg4 8.
h3 Bh5 9. Bf4 Nc6 10. d5 Nd4 11. g4 Nxf3+ 12. Qxf3 Bg6 13. O-O-O O-O 14. h4
Bxd3 15. Rxd3 Re8 16. g5 Nd7 17. Qg2 Ne5 18. Rg3 Qd7 19. h5 Qf5 20. Bd2 Bf8 21.
g6 fxg6 22. hxg6 Nxg6 23. Rf3 Qd7 24. Rfh3 Qf5 25. Rxh7 Nf4 26. Qg3 Ne2+ 27.
Nxe2 Rxe2 28. R7h5 Qe4 29. f3 Qd4 30. Bc3 Qe3+ 31. Kb1 Rd8 32. a3 Kf7 33. Rf5+
Ke7 34. Rh8 1-0

[Event "25th International Tournament Nikaia"]
[Site "Nikaia"]
[Date "2017.08.26"]
[Round "1.20"]
[White "Ntountaniotis, Dimitrios"]
[Black "Kouvatsos, Filippos"]
[Result "0-1"]
[WhiteElo "1744"]
[BlackElo "2159"]
[PlyCount "68"]
[EventDate "2017.08.26"]

1. Nf3 d5 2. d4 Nf6 3. e3 c6 4. Be2 Bf5 5. b3 e6 6. O-O h6 7. Bb2 Be7 8. c4
Nbd7 9. Nbd2 O-O 10. a3 a5 11. Ne5 Nxe5 12. dxe5 Nd7 13. f4 Nc5 14. Nf3 a4 15.
b4 Nb3 16. Ra2 dxc4 17. Bxc4 Qb6 18. Nd4 Be4 19. Qe1 c5 20. Nxb3 axb3 21. Bxb3
cxb4 22. Bd4 Qc6 23. a4 Rfc8 24. g4 Bd3 25. Rff2 Bh4 26. f5 Qc1 27. Qxc1 Rxc1+
28. Kg2 Be4+ 29. Kh3 Bd5 30. Bb2 Rb1 31. Bxd5 exd5 32. e6 fxe6 33. fxe6 Re8 34.
a5 Rg1 0-1

[Event "25th International Tournament Nikaia"]
[Site "Nikaia"]
[Date "2017.08.26"]
[Round "1.21"]
[White "Beliotis, Georgios"]
[Black "Halioris, Stefanos-Anthimos"]
[Result "1-0"]
[WhiteElo "2157"]
[BlackElo "1744"]
[PlyCount "159"]
[EventDate "2017.08.26"]

1. c4 e6 2. g3 Nf6 3. Bg2 d5 4. Nf3 c5 5. O-O Nc6 6. b3 Be7 7. cxd5 exd5 8. d4
O-O 9. Bb2 Be6 10. Nc3 Rc8 11. dxc5 Bxc5 12. Nb5 Qb6 13. Bxf6 Qxb5 14. Bb2 Be7
15. Qd2 Rfd8 16. Nd4 Nxd4 17. Bxd4 b6 18. Rac1 Qd7 19. Rfd1 Rxc1 20. Rxc1 Rc8
21. Rxc8+ Qxc8 22. Bb2 Qc5 23. e3 h6 24. Bf3 Qb4 25. Bc3 Qc5 26. Kg2 Qc8 27. h4
Bh3+ 28. Kh2 Be6 29. Bb2 Qc5 30. Kg2 Qb4 31. Bc3 Qc5 32. Qd3 Qc8 33. Bb2 Qc5
34. Bd4 Qc6 35. Bb2 Qc5 36. Qa6 Qc7 37. Qa4 Bd7 38. Qd4 Bf6 39. Qd2 Bxb2 40.
Qxb2 Be6 41. Qa3 Qd7 42. Qb4 Bh3+ 43. Kh2 Be6 44. Qd4 Qc6 45. Qd3 Qc5 46. Kg2
Qc6 47. Qa6 Qd7 48. Qd3 Bh3+ 49. Kh2 Be6 50. Qd4 Qc6 51. Kg2 Qd7 52. Qe5 Bh3+
53. Kh2 Be6 54. Kg1 Kh7 55. Be2 Bf5 56. Bf3 Be6 57. Qd4 Kg8 58. Qc3 Qb7 59. Qb4
Qd7 60. Kh2 Kh7 61. Qf4 Kg8 62. Kg1 Kh7 63. Qb8 Bf5 64. Qe5 Be6 65. Qd4 Kg8 66.
g4 Kh7 67. Kg2 Kg8 68. Be2 Qe7 69. Kg3 Qd7 70. Qe5 f5 71. g5 hxg5 72. hxg5 Qf7
73. Kh4 g6 74. Kg3 Kh7 75. Qd6 Bc8 76. Bf3 Bb7 77. Kf4 Kg7 78. Ke5 Qe8+ 79. Kd4
Kh7 80. Qc7+ 1-0

[Event "25th International Tournament Nikaia"]
[Site "Nikaia"]
[Date "2017.08.26"]
[Round "1.22"]
[White "Margaronis, Andreas"]
[Black "Krallis, Christos"]
[Result "0-1"]
[WhiteElo "1735"]
[BlackElo "2148"]
[PlyCount "88"]
[EventDate "2017.08.26"]

1. e4 c5 2. Nf3 g6 3. d4 cxd4 4. Nxd4 Bg7 5. Be3 Nf6 6. Nd2 Nc6 7. Be2 O-O 8.
O-O d5 9. Nxc6 bxc6 10. e5 Nd7 11. f4 e6 12. c3 f6 13. exf6 Bxf6 14. Nf3 c5 15.
Qc2 Bb7 16. Rae1 Qc7 17. Bd3 Kg7 18. Ng5 Bxg5 19. fxg5 e5 20. Qa4 c4 21. Be2
Qd6 22. Bg4 Nb6 23. Qa5 d4 24. cxd4 exd4 25. Rxf8 Rxf8 26. Bd2 Qd5 27. Qxd5
Bxd5 28. Bb4 Rf4 29. Re7+ Rf7 30. Re5 h5 31. Bd1 Rd7 32. Kf2 Bf7 33. Bc5 c3 34.
bxc3 dxc3 35. Bb3 Rc7 36. Bd4 Kf8 37. Bc5+ Kg8 38. Re8+ Kh7 39. Bxf7 Rxc5 40.
Re7 c2 41. Be6+ Kh8 42. Re8+ Kg7 43. Rg8+ Kh7 44. Rf8 Rc7 0-1

[Event "25th International Tournament Nikaia"]
[Site "Nikaia"]
[Date "2017.08.27"]
[Round "2.1"]
[White "Kanellos, Dimitrios V."]
[Black "Nikolaidis, Ioannis"]
[Result "0-1"]
[WhiteElo "2033"]
[BlackElo "2561"]
[PlyCount "58"]
[EventDate "2017.08.26"]

1. e4 c6 2. c4 d5 3. exd5 Nf6 4. d4 cxd5 5. Nf3 g6 6. Nc3 Bg7 7. cxd5 Nxd5 8.
Bc4 Nb6 9. Bb3 O-O 10. h3 Nc6 11. Be3 Na5 12. Bc2 Nbc4 13. Bc1 Nc6 14. Qe2 Nxd4
15. Nxd4 Qxd4 16. O-O Be6 17. Rd1 Qc5 18. Ne4 Qc6 19. Ng5 Bd5 20. Nxh7 Bxg2 21.
Ng5 Ne5 22. Be4 Bxe4 23. Nxe4 Qe6 24. Ng5 Qf5 25. f4 Nc6 26. Be3 Rfd8 27. Qc4
e6 28. Qb3 Bd4 29. Bxd4 Nxd4 0-1

[Event "25th International Tournament Nikaia"]
[Site "Nikaia"]
[Date "2017.08.27"]
[Round "2.2"]
[White "Kofidis, Andreas"]
[Black "Tsagkaropoulos, Spyridon"]
[Result "0-1"]
[WhiteElo "2345"]
[BlackElo "2022"]
[PlyCount "104"]
[EventDate "2017.08.26"]

1. e4 c5 2. Nf3 Nc6 3. d4 cxd4 4. Nxd4 Nf6 5. Nc3 d6 6. Bc4 Qb6 7. Nb3 e6 8.
O-O a6 9. Bg5 Bd7 10. Kh1 Rc8 11. f4 Na5 12. Nxa5 Qxa5 13. Bb3 Be7 14. Qe1 h6
15. Bh4 g5 16. Bg3 gxf4 17. Bxf4 Nh5 18. Be3 Qe5 19. Rd1 Rh7 20. Qf2 Nf6 21.
Qf3 Rxc3 22. bxc3 Qxe4 23. Qg3 Qg4 24. Qxg4 Nxg4 25. Bd4 Bc6 26. Rde1 e5 27.
Bb6 Rg7 28. Re2 Nf6 29. c4 Nh5 30. Be3 Bg5 31. Bxg5 Rxg5 32. Kg1 Kf8 33. c5 Nf4
34. Rxf4 exf4 35. cxd6 f3 36. Re7 Rxg2+ 37. Kf1 Bb5+ 38. c4 Bc6 39. Ke1 Rxh2
40. Rc7 Ke8 41. Re7+ Kf8 42. Rc7 Be4 43. Rc8+ Kg7 44. d7 f2+ 45. Ke2 Bd3+ 46.
Ke3 f1=Q 47. d8=Q Qf2+ 48. Kxd3 Qd2+ 49. Ke4 Re2+ 50. Kf5 Rf2+ 51. Ke5 f6+ 52.
Ke6 Re2+ 0-1

[Event "25th International Tournament Nikaia"]
[Site "Nikaia"]
[Date "2017.08.27"]
[Round "2.3"]
[White "Delithanasis, Dimitrios"]
[Black "Stathopoulos, Ioannis"]
[Result "0-1"]
[WhiteElo "2007"]
[BlackElo "2323"]
[PlyCount "48"]
[EventDate "2017.08.26"]

1. c4 Nf6 2. Nc3 e5 3. Nf3 Nc6 4. e3 Bb4 5. Qc2 O-O 6. Nd5 d6 7. a3 Bc5 8. b4
Bb6 9. Bb2 Nxd5 10. cxd5 Ne7 11. Qb3 Ng6 12. d4 f6 13. Be2 Bg4 14. Nxe5 Nxe5
15. dxe5 Bxe2 16. exf6 Bh5 17. fxg7 Rf5 18. O-O Qg5 19. Kh1 Re8 20. Rae1 Re4
21. Qd3 Bf3 22. gxf3 Rh4 23. Rg1 Rxh2+ 24. Kxh2 Qh5+ 0-1

[Event "25th International Tournament Nikaia"]
[Site "Nikaia"]
[Date "2017.08.27"]
[Round "2.4"]
[White "Poulopoulos, Ioannis"]
[Black "Kakkanas, Evangelos"]
[Result "1-0"]
[WhiteElo "2290"]
[BlackElo "1991"]
[PlyCount "117"]
[EventDate "2017.08.26"]

1. c4 e6 2. Nc3 Nf6 3. e4 e5 4. Nf3 Nc6 5. Be2 Bb4 6. Nd5 Bc5 7. d3 h6 8. a3 a5
9. O-O d6 10. Rb1 Bg4 11. Bd2 Bxf3 12. Bxf3 Nd4 13. b4 axb4 14. axb4 Nxf3+ 15.
Qxf3 Bd4 16. Ne3 Bxe3 17. Bxe3 Qd7 18. Ra1 Ke7 19. Qd1 Rxa1 20. Qxa1 g5 21. d4
Ng4 22. dxe5 Nxe5 23. c5 f6 24. Rd1 Rd8 25. h3 h5 26. Rd5 g4 27. h4 Qe6 28. Bf4
Rd7 29. Qc1 Ng6 30. cxd6+ cxd6 31. Bg3 Ne5 32. Qh6 Qf7 33. Qc1 Qe6 34. Qc8 Qf7
35. Rb5 Qe8 36. Qc3 Qf7 37. Ra5 Nc6 38. Rd5 Ne5 39. Ra5 Nc6 40. Ra8 Ne5 41. Qc8
Nc6 42. b5 Nd8 43. Qc3 Qe6 44. Ra4 Nf7 45. b6 Ne5 46. Qc8 Nc6 47. Qh8 Qf7 48.
Ra8 Rd8 49. Rxd8 Nxd8 50. Bxd6+ Kxd6 51. Qxd8+ Kc6 52. g3 Qd7 53. Qxf6+ Kb5 54.
Qf5+ Kc6 55. Qxd7+ Kxd7 56. f4 gxf3 57. Kf2 Kc6 58. Kxf3 Kxb6 59. g4 1-0

[Event "25th International Tournament Nikaia"]
[Site "Nikaia"]
[Date "2017.08.27"]
[Round "2.5"]
[White "Liargovas, Dimitrios"]
[Black "Kouskoutis, Georgios-Alexandro"]
[Result "1/2-1/2"]
[WhiteElo "1988"]
[BlackElo "2270"]
[PlyCount "110"]
[EventDate "2017.08.26"]

1. d4 Nf6 2. Nf3 d5 3. e3 e6 4. Bd3 c5 5. c3 Nc6 6. Nbd2 Be7 7. O-O O-O 8. dxc5
Bxc5 9. e4 Be7 10. Qe2 Qc7 11. Re1 Rd8 12. e5 Nd7 13. Nb3 Nf8 14. h4 f6 15. Bf4
f5 16. h5 Bd7 17. Nfd4 Nxd4 18. Nxd4 Bc5 19. Nc2 a6 20. a4 Rab8 21. b4 Ba7 22.
Bd2 Be8 23. Ra3 h6 24. Qf3 Qf7 25. Be2 Rbc8 26. Be3 Bxe3 27. Qxe3 f4 28. Qd3
Nh7 29. g4 fxg3 30. fxg3 Qe7 31. Nd4 Nf8 32. Rf1 Bd7 33. Qe3 a5 34. Ra2 axb4
35. cxb4 Qxb4 36. Bd3 Qe7 37. Raf2 Bxa4 38. Bb1 Bc6 39. Qd3 g6 40. Rxf8+ Rxf8
41. Qxg6+ Qg7 42. Qxg7+ Kxg7 43. Nxe6+ Kg8 44. Rxf8+ Rxf8 45. Nxf8 Kxf8 46. Kf2
Be8 47. g4 Bd7 48. Kf3 b5 49. Bc2 b4 50. Kf4 Be6 51. Bb3 Kg7 52. g5 Bf7 53. Kf5
Bxh5 54. gxh6+ Kxh6 55. Bxd5 Kg7 1/2-1/2

[Event "25th International Tournament Nikaia"]
[Site "Nikaia"]
[Date "2017.08.27"]
[Round "2.6"]
[White "Alexiadis, Hristos"]
[Black "Triantos, Konstantinos"]
[Result "1-0"]
[WhiteElo "2237"]
[BlackElo "1986"]
[PlyCount "83"]
[EventDate "2017.08.26"]

1. e4 c5 2. a3 e5 3. Nc3 Ne7 4. Bc4 d6 5. d3 Nbc6 6. f4 Be6 7. Nf3 g6 8. Nd5
Bg7 9. O-O O-O 10. fxe5 Nxe5 11. Nxe5 Bxe5 12. Bg5 Bxd5 13. Bxd5 Qd7 14. Bxe7
Qxe7 15. c3 Qh4 16. h3 Kg7 17. Qb3 Qe7 18. Rf2 Rab8 19. Raf1 f6 20. Rf3 Qc7 21.
Qd1 Qb6 22. Qd2 Rbe8 23. g3 Re7 24. Rd1 Kh8 25. d4 cxd4 26. cxd4 f5 27. Rb3
Bxd4+ 28. Qxd4+ Qxd4+ 29. Rxd4 fxe4 30. Rxe4 Rc7 31. Rc3 Rxc3 32. bxc3 Rc8 33.
Rc4 Rxc4 34. Bxc4 Kg7 35. Kf2 Kf6 36. Bd5 b6 37. Ke3 Ke5 38. Bg8 h6 39. Kd3 d5
40. Bf7 g5 41. a4 a6 42. Be8 1-0

[Event "25th International Tournament Nikaia"]
[Site "Nikaia"]
[Date "2017.08.27"]
[Round "2.7"]
[White "Tsomis, Dimitrios"]
[Black "Megalios, Konstantinos"]
[Result "0-1"]
[WhiteElo "1983"]
[BlackElo "2233"]
[PlyCount "72"]
[EventDate "2017.08.26"]

1. e4 c5 2. Nf3 d6 3. d4 cxd4 4. Nxd4 Nf6 5. Nc3 Nc6 6. Bg5 e6 7. Qd2 a6 8.
O-O-O Bd7 9. Nb3 b5 10. f3 h6 11. Bf4 Ne5 12. Qf2 Qc7 13. Kb1 Be7 14. g4 b4 15.
Ne2 a5 16. Bc1 a4 17. Na1 a3 18. b3 d5 19. exd5 Nxd5 20. Rxd5 exd5 21. Nd4 Bc5
22. Be3 O-O 23. Be2 Rfe8 24. Rd1 Qb6 25. c3 bxc3 26. Nac2 Nc4 27. Bc1 Nb2 28.
Re1 Rac8 29. h4 Bxd4 30. Qxd4 Qxd4 31. Nxd4 h5 32. Nc2 hxg4 33. fxg4 Re4 34.
Bf3 Rxe1 35. Nxe1 d4 36. Kc2 Bb5 0-1